000 00711nam a2200241Ia 4500
003 OSt
005 20220928124535.0
006 a|||||r|||| 00| 0
007 ta
008 220927b |||||||| |||| 00| 0 eng d
024 _a45892
037 _cTextual
040 _aSDCL
_cSDCL
_beng
041 _2eng
_aeng
082 _aX653:8DR.73'N6, L0
100 _aGuttentag Jack M
_9466171
245 0 _aNew series on home mortgage yields since 1951.
260 _aNew York
_b National Bureau of Economic Research
_c1970
300 _axvi,357p
_ccm.
700 _a Beck Morris
_9466172
942 _hX653:8DR.73'N6, L0
_cTEXL
_2CC
999 _c779040
_d779040